000 00381nam a2200145Ia 4500
008 230917s9999||||xx |||||||||||||| ||und||
040 _e129186
_aMAIN
041 _aEnglish
082 _a342.7 I1D
100 _aIyer, Venkat, Ed
245 0 _aDemocracy, human rights and the rule of law
260 _aNew Delhi
_bButterworth India
_c2000
300 _axxv, 276p p.
942 _cBK
999 _c137349
_d137349